Регионална библиотека "Любен Каравелов" - Русе

Митични създания (Запис номер 151688)

MARC детайли
000 -Лидер
Контролно поле с фиксирана дължина 01880nam a2200421 c 4500
003 - Код на организацията, давaща контролен номер
Контролно поле BLK
005 - Дата и час на последна редакция
Контролно поле 20240713110610.0
008 - Елементи от данни с фиксирана дължина
fixed length control field 180410b bul|||||r ||||||| ||bul||
010 ## - Наследен системен номер
LC control number KNG00158110000
020 ## - Международен стандартен номер на книга ISBN
Международен стандартен номер на книга ISBN 978-954-431-782-9
040 ## - Източник на каталожния запис
Идентификатор на билиотеката - собственик на записа BLK
041 ## - Код за език
Код за езика на текст/звукозапис или на отделно заглавие Български
Код за езика КДБФ Български
072 #7 - Код за тематичната категория
Код организация bullib
Код за тематична категория Н86
Текст Детска отраслова литература Н
080 ## - УДК
Текстов определител УДК Свръхсетивен свят. Шаманизъм. Духове, магьосници, дракони, великани и др.
УДК код - определител по УДК 398.4
УДК определител :087.5
УДК - код + определител 398.4:087.5
139 ## - Редно поле
Редна дума Дунаева, Юлия Александровна
Авторски знак Дун - Д 93
245 10 - Сведения за заглавието
Заглавие Митични създания
Подзаглавни данни В помощ на ученика
Редно поле (дума) текст Юлия Александровна Дунаева; ил. И. Г. Злотя; прев. Д. Димчева.
257 ## - Страна на издаване
Страна на създаване/издаване Русия
260 ## - Област на издателските данни
Име на издателя, разпространителя и проч. Златното пате
Година на издаване 2012
Печатница София : Образование и наука
300 ## - Физическа характеристика
Страници 96 с.
Илюстрации и др. с цв. ил., портр., к.
Размери/Мащаб 25 см
380 ## - Жанр
Жанр Детска отраслова лит.
490 ## - СЕРИИ (Колекции)
Име на серия Поредица Опознай света : В помощ на ученика
9 (RLIN) 203953
500 ## - Общи забележки
Забележка Ориг. загл.: Мифологические животные / Ю. А. Дунаева. - Азб. показалец.
650 #4 - Допълнително описание по предмет – тема
Основно описание – тема или топоним Митология
9 (RLIN) 162418
653 ## - Ключова дума – ненормативна
Ключова дума митология
653 ## - Ключова дума – ненормативна
Ключова дума животни
653 ## - Ключова дума – ненормативна
Ключова дума детска литература
659 ## - Тематичен бюлетин
Тематичен бюлетин Н
700 1# - Други автори (авторска отговорност)
Лично име Дунаева, Юлия Александровна
Автороска отговорност (Описва отношението между автора и произведението) текст
9 (RLIN) 314031
700 1# - Други автори (авторска отговорност)
Лично име Злотя, И. Г.
Автороска отговорност (Описва отношението между автора и произведението) ил.
9 (RLIN) 70140
700 1# - Други автори (авторска отговорност)
Лично име Димчева, Д.
Автороска отговорност (Описва отношението между автора и произведението) прев.
9 (RLIN) 331529
852 ## - Местоположение
Форматна сигнатура Цб ІІ 19823
856 4# - Електронен адрес и достъп
Електронен формат pdf - файл
856 4# - Електронен адрес и достъп
Електронен формат pdf - файл
999 ## - СИСТЕМНИ КОНТРОЛНИ НОМЕРА
Koha biblionumber 151688
Koha biblioitemnumber 151688
942 ## - АРТИКУЛИ
Вид на библиотечния материал Книги
Скрит в OPAC Не
Периодичен библиозапис Да
Koha issues (borrowed), all copies 3
944 ## - СЪЗДАВАНЕ И РЕДАКЦИЯ на ЗАПИСА
Създаване/Редакция Създаване
Дата на регистрацията/редакция 18.03.2014
Служител, извършил регистрацията/редакцията 30532
Статус, дата на статуса Лиляна Коева
944 ## - СЪЗДАВАНЕ И РЕДАКЦИЯ на ЗАПИСА
Създаване/Редакция Редакция
Дата на регистрацията/редакция 21.11.2014
Служител, извършил регистрацията/редакцията Геновева_Генчева
999 ## - СИСТЕМНИ КОНТРОЛНИ НОМЕРА
Koha biblioitemnumber 151688
Наличности
Код за отписване Код за изгубен артикул Код за повреда Коз за рестрикции Код за отдаване Артикулен № Име на библиотеката - собственик Име на библиотеката, в която се намира в момента Статус (Текущо местоположение) Дата на вписване в системата Местоположение - отдел Цена в лева Инвентарен номер Систематично азбучна сигнатура Баркод Номер на екземпляра Цена в евро Служебна бележка Служебен тип на артикула Източник на класификационната схема
  Не е изгубен Не е повреден без рестрикции ползва се в читалня 253346 Регионална библиотека "Любен Каравелов" Русе Регионална библиотека "Любен Каравелов" Русе Хранилище 2014-03-19 Хранилище 9.99 120000775733 Цб ІІ 19823 120000775733 1 5.11 Дост: Dp Вид: Д N: 14 Дата: 01.04.2013 Книги  
  Не е изгубен Не е повреден без рестрикции заемане за дома 858926 Регионална библиотека "Любен Каравелов" Русе Регионална библиотека "Любен Каравелов" Русе Детски отдел 2021-10-27 Детски отдел 9.99   39/Д 93 Ю 120000861361   5.11   Книги Universal Decimal Classification
Vip Innovations Ltd, Rousse, Bulgaria 2025